Titre les plus streamés : Nekfeu - Statistiques

Statistiques générales
  • Ce quiz a été pris 726 fois
  • Le résultat moyen est 5 sur 10
Statistiques - réponses
Nombre de Streams Titre % Correct
117 719 000 On verra
95%
88 913 000 Galatée
69%
67 935 000 Princesse
69%
105 761 000 Elle pleut
68%
111 032 000 Dans l'univers
65%
111 640 000 Tricheur
55%
66 502 000 Ma Dope
48%
64 500 000 Mauvaise Graine
26%
83 346 000 De l'autre côté
12%
70 578 000 Juste pour Voir
9%
Aucun quiz correspondant
Distribution des résultats
% des personnes avec chaque résultat
Percentile par nombre de réponses
Votre historique - résultats
Vous n’avez pas pris ce quiz